000 00321nam a2200133Ia 4500
008 231129s1975||||xx |||||||||||||| ||spa||
040 _bspa
082 _aCo861 S159p
100 _aSalazar Valdes Hugo
245 0 _aPleamar : Poemas
260 _c1975
264 _aImprenta Departamental del Valle
942 _2ddc
_cBKS
999 _c22860
_d22860